Central Library OPAC University of Rajshahi
Normal view MARC view

Entry Personal Name

Number of records used in: 4

001 - CONTROL NUMBER

  • control field: 3252

003 - CONTROL NUMBER IDENTIFIER

  • control field: BD-RjUL

005 - DATE AND TIME OF LATEST TRANSACTION

  • control field: 20220529160759.0

008 - FIXED-LENGTH DATA ELEMENTS

  • fixed length control field: 220529|| aca||aabn | a|a d

040 ## - CATALOGING SOURCE

  • Original cataloging agency: BD-RjUL
  • Transcribing agency: BD-RjUL

100 ## - HEADING--PERSONAL NAME

  • Personal name: Matin, Md. Abdul

670 ## - SOURCE DATA FOUND

  • Source citation: Work cat.: (BD-RjUL)79870: Matin, Md. Abdul, Early Detection of Peripheral Vascolar Disease Using Radioisotope Technique /, 2006